Turismo y deporte /

Bibliographic Details
Other Authors: Antonovica, Arta (Editor), Esteban Curiel, Javier de (Editor), Sánchez García, Victoria Eugenia (Editor)
Format: Electronic eBook
Language:Spanish
Published: Madrid : Dykinson, S.L., [2016]
Series:Ciencias jurídicas y sociales.
Subjects:
Online Access:Digitalia Hispánica

MARC

LEADER 00000nam a2200000Ii 4500
001 DIGDYK1058
003 NyNyDIG
006 m o d
007 cr |||||||||||
008 220818s2016 sp ob 000 0 spa d
035 |a (OCoLC)964290731 
040 |a DGITA  |b eng  |e rda  |e pn  |c DGITA 
020 |a 9788490858288  |q pdf 
020 |z 9788490858103 
050 1 4 |a GV716 ebook 
245 0 0 |a Turismo y deporte /  |c Arta Antonovica, Javier de Esteban Curiel, Victoria Eugenia Sánchez García, (coordinadores) 
264 1 |a Madrid :  |b Dykinson, S.L.,  |c [2016] 
300 |a 1 online resource. 
336 |a text  |b txt  |2 rdacontent 
337 |a computer  |b c  |2 rdamedia 
338 |a online resource  |b cr  |2 rdacarrier 
347 |a text file  |2 rdaft 
347 |b PDF 
490 1 |a Ciencias jurídicas y sociales 
500 |a "Universidad Rey Juan Carlos, Servicio de Publicaciones"--Cover. 
504 |a Includes bibliographical references. 
588 0 |a Online resource; title from PDF title page (Digitalia, viewed August 18, 2022) 
650 0 |a Sports  |x Economic aspects. 
650 0 |a Sports and tourism. 
650 0 |a Sports tourism. 
655 0 |a Electronic books. 
700 1 |a Antonovica, Arta,  |e editor. 
700 1 |a Esteban Curiel, Javier de,  |e editor. 
700 1 |a Sánchez García, Victoria Eugenia,  |e editor. 
791 2 |a Digitalia (Firm),  |e distributor. 
793 0 |g Digitalia eBook Collection:  |a Dykinson Editorial 
776 0 8 |i Print version:  |t Turismo y deporte.  |d Madrid : Dykinson, S.L., [2016]  |z 9788490858103 
830 0 |a Ciencias jurídicas y sociales. 
856 4 0 |3 Digitalia Hispánica  |u https://www.digitaliapublishing.com/a/45326/ 
910 |a Premium collection: 2022